| 000 | 00000ngm 2200000zi 4500 |
| 001 | 9.925527 |
| 003 | CaOODSP |
| 005 | 20240308143330 |
| 006 | m o c f |
| 007 | cr cna|||||||| |
| 008 | 230726s2023 quc006 fo vl||| d |
| 020 | |a9780660496580 |
| 040 | |aCaOODSP|beng|erda|cCaOODSP |
| 041 | 7|aase|2ISO 639-3 |
| 041 | 0 |deng|peng |
| 043 | |an-cn--- |
| 086 | 1 |aEm12-100/1-2023E-MP4 |
| 245 | 00|aWhat this program offers - Enhancing Access to Professional Sign Language Interpretation. |
| 264 | 1|a[Gatineau, Quebec] : |b[Employment and Social Development Canada], |c[2023] |
| 300 | |a1 online resource (1 video file (5 min., 55 sec.)) : |bsound, colour |
| 336 | |atwo dimensional moving image|btdi|2rdacontent |
| 337 | |acomputer|bc|2rdamedia |
| 338 | |aonline resource|bcr|2rdacarrier |
| 500 | |aIssued also in French under title: Ce que ce programme offre - Améliorer l'accès à l'interprétation professionnelle en langue des signes. |
| 500 | |aAvailable as streaming video or as downloadable MP4 file. |
| 546 | |aIn American Sign Language; includes spoken text and captioning in English. |
| 588 | |aDescription based on online resource; title from title screen (Employment and Social Development Canada, viewed February 13, 2024). |
| 650 | 0|aInterpreters for the deaf|xTraining of|zCanada|xFinance. |
| 650 | 0|aAmerican Sign Language|xTranslating|zCanada|xFinance. |
| 650 | 0|aQuebec Sign Language|xTranslating|zCanada|xFinance. |
| 650 | 0|aDeaf|xServices for|zCanada|xFinance. |
| 650 | 0|aDeaf|xGovernment policy|zCanada. |
| 655 | 7|aVideo recordings for the hearing impaired|2lcgft |
| 655 | 7|aInternet videos|2lcgft |
| 710 | 1 |aCanada. |bEmployment and Social Development Canada, |eissuing body. |
| 775 | 08|tCe que ce programme offre - Améliorer l'accès à l'interprétation professionnelle en langue des signes.|w(CaOODSP)9.925529 |
| 856 | 40|qMP4|s508.02 MB|uhttps://publications.gc.ca/collections/collection_2024/edsc-esdc/Em12-100-1-2023-eng.mp4 |
| 856 | 4 |qHTML|sN/A|uhttps://www.canada.ca/en/employment-social-development/services/funding/access-sign-language-interpretation-step-1/overview.html |